Statistics for NFL Players with multiple MVPs

Click here to take the quiz!

General Stats

  • This quiz has been taken 62 times
  • The average score is 8 of 9

Answer Stats

TeamMVP'sPlayer% Correct
GBP4Aaron Rodgers
100%
DEN, IND5Peyton Manning
98%
NEP3Tom Brady
97%
GBP3Brett Favre
95%
SFF2Joe Montana
95%
CLE3Jim Brown
90%
SFF2Steve Young
85%
STL2Kurt Warner
81%
BAl3Johnny Unitas
58%

Score Distribution

Percentile by Number Answered

Percent of People with Each Score

Your Score History

You have not taken this quiz